|
|
|
|
| LEADER |
00000ny a22000003n 4500 |
| 005 |
2011062001411.0 |
| 008 |
090119s2007 ag b 000 0 spa c |
| 020 |
|
|
|a 9789505361922
|
| 035 |
|
|
|a 2053
|
| 040 |
|
|
|a SpMaUCDE
|d vLex
|
| 080 |
|
|
|a 347.9(82)
|
| 080 |
|
|
|a 347.921.2(82)
|
| 080 |
|
|
|a 366.5:347.12(82)
|
| 090 |
|
|
|c 878
|d 878
|
| 100 |
1 |
|
|a Giannini, Leandro J.
|
| 245 |
1 |
3 |
|a La tutela colectiva de derechos individuales homogňeos
|h [Recurso electrn̤ico]
|c Leandro J. Giannini ; presentacin̤ de Augusto Mario Morello ; prl̤ogo de Juan Carlos Hitters.
|
| 256 |
|
|
|a Servicio en ln̕ea
|
| 260 |
|
|
|a La Plata :
|b Librera̕ Editora Platense,
|c 2007
|
| 300 |
|
|
|a 366 p. ;
|c 23 cm.
|
| 504 |
|
|
|a Bibliografa̕: p. [355]-366
|
| 506 |
1 |
|
|a Contenido solo disponible en los productos indicados
|d vLex Global
|d vLex Global (Academic Edition, excluding Law Schools)
|d vLex Global (U.S. Academic Edition, Law Schools)
|d vLex Global (U.S. Academic Edition, excluding Law Schools)
|d vLex Global (Academic Edition, Law Schools)
|
| 650 |
0 |
4 |
|a Consumidores
|x Proteccin̤
|
| 650 |
0 |
4 |
|a Procedimiento (Derecho)
|z Argentina
|
| 700 |
1 |
|
|a Hitters, Juan Carlos,
|e pr.
|
| 700 |
1 |
|
|a Morello, Augusto Mario,
|e pr.
|
| 740 |
0 |
|
|a vLex Libros (Servicios en ln̕ea)
|
| 856 |
4 |
0 |
|u http://vlex.com/source/2053
|z Acceso restringido
|
| 942 |
|
|
|c BOOK
|
| 999 |
0 |
4 |
|a Civil Law
|b Argentina
|
| 999 |
0 |
4 |
|a Consumidores
|z Argentina.
|
| 999 |
0 |
4 |
|a Derecho procesal
|z Argentina.
|
| 999 |
0 |
4 |
|a Actions and defenses.
|